00734cam a22002172 45000010005000000030008000050050017000130080039000300350018000690400032000870410008001190820026001271000047001532450113002002600033003133000054003465040050004006500033004507000018004837000015005018661BD-RjUL20211208234628.0140119t1965 c a b 001 0 eng a(BD-RjUL)8706 aDLCcDLCdEQOdBD-RjULbeng aeng04a530.028216bLIL 19651 aLivesey, Derek L.q(Derek Leonard),d1923-12aA laboratory course in physics /c[by] D. L. Livesey, G. H. Cannon, T. Ryniak; line drawings by Don Hayward. aToronto :bcopp pub.,c1965. aV-2 (ix, 186 p.) :billus., diagrs. ;c23 1/2 cm. aIncludes bibliographical reference and index. 0aPhysicsvLaboratory manuals.1 aCannon, G. H.1 aRyniak, T.